000 00948nam a22002537a 4500
005 20240530110546.0
008 160112s2013 ua adk g b 000 0 ara d
017 _a2012/2/21897
_bمصر . دار الكتب المصرية
020 _a9789774383521
040 _aEG-CaGPL
082 0 4 _221
_a361.25\
_bط ت
100 0 _aطلعت مصطفى السروجى
245 1 2 _aالتخطيط الاجتماعى :
_bنظريات و مناهج /
_cتاليف طلعت مصطفى السروجى
250 _aط1
260 _aالاسكندرية :
_bالمكتب الجامعى الحديث ،
_c2013 .
300 _a531 ص :
_bايض ؛
_c24 سم .
504 _aيشتمل على ارجاعات ببليوجرافية
650 0 4 _aالخدمة الاجتماعية
650 0 4 _aالتخطيط الاقليمى
650 0 4 _aالتخطيط
650 0 4 _aالاعلام
942 _2ddc
_cBK
999 _c62358
_d62358